| 000 | 01543cam a2200397Ii 4500 | ||
|---|---|---|---|
| 001 | 48287 | ||
| 005 | 20230404125743.0 | ||
| 008 | 810313t19791950mx 000 0 spa d | ||
| 035 | _a(OCoLC)ocm07223500 | ||
| 040 |
_aIXA _cIXA _dOCLCQ _dLVB |
||
| 020 | _a9681600924 | ||
| 020 | _a9789681600921 | ||
| 035 | _a(OCoLC)7223500 | ||
| 043 |
_an------ _as------ _anw----- _anc----- |
||
| 050 | 1 | 4 |
_a000 E 141 _bF363s 1979 |
| 082 | 0 | 0 | _a970.01 |
| 100 | 1 |
_aFernández de Oviedo y Valdés, Gonzalo, _d1478-1557. |
|
| 245 | 1 | 0 |
_aSumario de la natural historia de las Indias / _cGonzalo Fernández de Oviedo ; edición, introducción y notas de José Miranda. |
| 260 |
_aMéxico : _bFondo de Cultura Económica, _cc1950, 1979 printing. |
||
| 300 |
_a279 p. ; _c22 cm. |
||
| 490 | 0 |
_aBiblioteca americana : Serie de cronistas de Indias ; _v[13] |
|
| 500 | _aThis work is not a summary of the author's Historia General de las Indias. It is an earlier book. | ||
| 651 | 0 |
_aAmerica _vEarly accounts to 1600. |
|
| 650 | 0 | _aIndians of the West Indies. | |
| 650 | 0 | _aIndians of Central America. | |
| 650 | 0 |
_aNatural history _zWest Indies. |
|
| 650 | 0 |
_aNatural history _zCentral America. |
|
| 650 | 4 | _aDescubrimientos geográficos. | |
| 651 | 4 |
_aAmérica _xDescubrimiento y exploraciones _xEspañoles. |
|
| 651 | 4 |
_aEspaña _xColonias _zAmérica. |
|
| 651 | 4 |
_aRepública Dominicana _xHistoria _xDescubrimiento y Conquista*1492-1503 |
|
| 651 | 4 |
_aAmérica _xDescripciones y viajes |
|
| 942 |
_2lcc _cbk |
||
| 946 | _amjcruz | ||
| 994 |
_aC0 _bDRFGD |
||
| 999 |
_c3987 _d3987 |
||